000 00429 a2200157 4500
005 20250430142051.0
020 _a1-55111-573-5
082 _aLECT 153.42 HUG
100 _aHUGHES, W.
245 _aCritical Thinking: An Introduction to the Basic Skills
250 _a4th Ed.
260 _aCanada,
_bBroadview Press,
_c2004.
300 _a403p,: ill.; figure and table.
_bIndex.
_c23cm.
700 _aLAVERY, J.
942 _2ddc
_cBKS
999 _c1841
_d1841